00568 2200217 4500001002100000005001500021035002000036007000300056008004100059020001800100082000800118084001400126100001800140245003700158250001100195260003800206300003400244650002100278504003100299990002000330INLIS00000000000181420180328082833 a0010-0318000157ta180328 g 0 ind  a979-518-044-4 a302 a302 H.A p0 aH.ABU, Ahmadi1 aPsikologi Sosial /cH.Abu Ahmadi acet. 2 aJakarta :bPT Rineka Cipta,c2002 avii;309 Hlm ;c14,5 x 20,5 cm aPSIKOLOGI SOSIAL aBibliografi; 309 - 312 Hlm a626 204 1010518